• 首页
  • 本馆介绍
  • 公告通知
  • 最新文献
  • 馆藏检索
  • 电子资源
  • 读者导购
  • 参考咨询
  • 我的图书馆
  • 登录
  • 详细信息显示
  • 放入我的书架
  • 预约/预借图书
  • 作者相关作品
  • 分类相关作品
  • 丛书相关作品
  • 出版社相关作品

书目信息

  • 表格格式
  • 工作单格式
  • 卡片格式
题名:
读读童谣和儿歌
    
 
作者: 高昌 主编
分册: 三  
出版信息: 南京   江苏凤凰少年儿童出版社  2018.12
页数: 54页
开本: 21cm
丛书名:
单 册:
中图分类: G624.233
科图分类:
主题词: 儿歌--小学--课外读物
电子资源:
ISBN: 978-7-5346-8364-0
000 01074nam0 2200253 450
001 0103152652
005 20201104100432.45
010    @a978-7-5346-8364-0@dCNY15.00
100    @a20190610d2018 cemy0chiy0110 ea
101 0  @achi
102    @aCN@b320000
105    @aa z 000gy
106    @ar
200 1  @a读读童谣和儿歌@Adu du tong yao he er ge@h三@f高昌主编
210    @a南京@c江苏凤凰少年儿童出版社@d2018.12
215    @a54页@c彩图@d21cm
300    @a教育部统编语文教材“快乐读书吧”推荐书目
300    @a小学生名家名作快乐读本一年级美绘注音版
330    @a该套图书的名称为《读读童谣和儿歌》,共四册。其中童谣一册,儿歌三册。本书选入童谣、儿歌124首,按主题分为15组,内容丰富,语言活泼流畅,可读性强。全文注音,配精美彩色插图。涉及的题材包括祖国河山、风景环境、动物植物、儿童生活、文明美德等人文主题。按照主题类别,分章节编排。配有“阅读指导”,引导学生学习了解、掌握阅读的方法。
606 0  @a儿歌@x小学@j课外读物
690    @aG624.233@v5
701  0 @a高昌@Agao chang@f(1967-)@4主编
801  0 @aCN@bBJSZM@c20201103
905    @b1256686-90@dG624.233@e1051:3@f5
    
    读读童谣和儿歌.三/高昌主编.-南京:江苏凤凰少年儿童出版社,2018.12
    54页:彩图;21cm
    教育部统编语文教材“快乐读书吧”推荐书目.-小学生名家名作快乐读本一年级美绘注音版
    
    ISBN 978-7-5346-8364-0:CNY15.00
    该套图书的名称为《读读童谣和儿歌》,共四册。其中童谣一册,儿歌三册。本书选入童谣、儿歌124首,按主题分为15组,内容丰富,语言活泼流畅,可读性强。全文注音,配精美彩色插图。涉及的题材包括祖国河山、风景环境、动物植物、儿童生活、文明美德等人文主题。按照主题类别,分章节编排。配有“阅读指导”,引导学生学习了解、掌握阅读的方法。
●
相关链接 在E读中查询图书 在五车中查询图书 在当当中查询图书 在豆瓣中查询图书


正题名:读读童谣和儿歌     索取号:G624.233/1051:3         预约/预借

序号 登录号 条形码 馆藏地/架位号 状态 备注
1 1256686   212566864   第一样本阅览室/ [索取号:G624.233/1051:3] 在馆    
2 1256687   212566873   教育系资料室/ [索取号:G624.233/1051:3] 在馆    
3 1256688   212566882   教育系资料室/ [索取号:G624.233/1051:3] 在馆    
4 1256689   212566891   第四借阅区/ [索取号:G624.233/1051:3] 在馆    
5 1256690   212566908   第四借阅区/ [索取号:G624.233/1051:3] 在馆    
唐山师范学院图书馆 欢迎您!
大连网信软件有限公司© 版权所有